000 00293nam a2200133 i 4500
001 bg
100 1 _aMREŁA, H.
245 0 _aMetody badania pracy /
_cH. Mreła.
260 _aWarszawa,
_c1979.
040 _cBPK
041 _apol
942 _cKS
008 s pl f |000 0 pol
999 _c22375
_d22375
856 _uhttp://koha.tu.koszalin.pl/cgi-bin/koha/opac-detail.pl?biblionumber=22375
_yKatalog online BPK